000 01327nam a2200265Ia 4500
999 _c43708
_d43708
001 10449
003 GE_BSU
005 20221219113812.0
008 181216s1982ge xx |||||||||||||| ||geo||
040 _cGE_BSU
041 _ageo
080 _a821.353.1–3+821.353.1–31 ქ-27
245 _aქართული პროზა: წ.2: მოსე ხონელი
_bამირან დარეჯანიანი; ვისრამიანი /
_cმოსე ხონელი, შემდგენ: გ. გვერდწითელი, ნ. ებრალიძე, რ. თვარაძე
264 _aთბილისი :
_bსაბჭოთა საქართველო,
_c1982.
300 _a554 გვ :
_b20 სმ.
501 _aშენიშვნები: გვ. 553.
520 _aშენიშვნები:გვ.553
653 _aქართული პროზა
653 _aამირან დარეჯანიანი
653 _aვისრამიანი
700 _a გვერდწითელი, გ
_eშემდგენელი
_916468
700 _aებრალიძე, რ
_eშემდგენელი
_916469
700 _aთვარაძე, რ
_eშმდგენელი
_914595
942 _cBK
_2udc